| 000 | 00450nam a22001217a 4500 | ||
|---|---|---|---|
| 008 | 200219b ||||| |||| 00| 0 eng d | ||
| 020 | _a9781259003882 | ||
| 082 | _a005.133 GRT | ||
| 100 | _aJAMES, R. GROFF, Paul Weinberg & ANDREW J. Oppel | ||
| 245 |
_aSQL : The Complete Reference _bIncludes Unique SQL Join Syntax Summary _hEnglish _kPaperback _nDimensions: 47.2 x 10.2 x 60.5 cm |
||
| 250 |
_a3RD _bJuly 2017 |
||
| 260 |
_aNew Delhi _bMcGraw Hill Education |
||
| 999 |
_c8488 _d8488 |
||